000 00311nam a2200121 a 4500
005 20140414132051.0
008 110712s19uu xx 00 eng d
050 _aREF 031
_bCHI V.8
245 _aChildcraft: About Us.
260 _aChicago :
_bWorld Book, Inc.,
_c1987.
440 _aChildcraft
999 _c114172
_d114172